00844nam a22002414a 450000500170000000800410001702000260005802000150008403500130009903700150011204000180012708200130014510000250015824500380018326000380022127000590025930000300031850000510034865000260039994200270042599900170045295201330046920080729164931.0080416s2008 waua 001 0 eng  a9788176488310c795.00 a8176488313 aEN-74993 bDBAD / PUB aDPLbEnglish  a363.7392 aAgarwal, S.K.948976 aAir pollution /cby S.K. Agarwal  aNew Delhi bAPH Publishing c2005 a4435-36/7, Ansari Road, Daryaganj,bNew Delhi e110002 aviii, 323 p. c23 cm (Hb) aIncludes bibliographical references and index  aAirxPollution948977 2ddccENmAGAh363.7392 c67874d67874 00102ddc40708NFICaZLSbZLScGENd2012-06-13g795.00l0o363.7392 AGApB-158618r2012-06-13 00:00:00v795.00w2012-06-13yEN